000 01395nam0a2200361 4500
001 RU\NLR\bibl\323345
005 20260409065841.0
010 _a5-93876-006-2
_920000
021 _aRU
_b2002-34027
_91671
035 _a(NLR Aleph) 000318367
090 _a81363
_c81363
100 _a20021016d2002 |||y0rusy50 ca
101 0 _arus
102 _aRU
105 _ay |||||||||
200 1 _aЖивый в помощи
_e[Зап. "афганца"]
_eДок. повесть
_eВ 2 ч.
_fВиктор Николаев
205 _a[6-е изд., испр. и доп.]
210 _aМ.
_cСофтИздат
_d2002
215 _a319 с.
_d21
327 1 _aВ кн. также включ. отклики на предыдущие изд. кн.
606 _aВойна в Афганистане
_z1979 - 1989
_91058795
_3RU\NLR\auth\6692225
610 0 _aВооруженные Силы Российской Федерации (х. л.)
675 _a821.161.1-31Николаев
_v3
_zrus
686 _a17.82
_2rugasnti
686 _a84(2Рос-Рус)6-44
_2rubbk
686 _aЦ35(0)635.4
700 1 _4070
_7ca
_8rus
_aНиколаев
_bВ. Н.
_cписатель
_f1958-
_gВиктор Николаевич
_922985
_3RU\NLR\auth\7740033
801 0 _aRU
_bRKP
_c20021016
_gPSBO
801 1 _aRU
_bRKP
_c20021016
801 2 _aRU
_bNLR
_c20060628
_grcr
942 _cBOOK
980 _aNB